Statistics for Countries Closest to Germany by first two letters

Click here to take the quiz!

General Stats

  • This quiz has been taken 240 times
  • The average score is 16 of 20

Answer Stats

kmcountrymiles% Correct
0France0
96%
72Sweden45
96%
0Switzerland0
96%
0Belgium0
95%
0Poland0
94%
0Austria0
93%
0Luxembourg0
91%
0Czechia0
90%
0Denmark0
90%
33Liechtenstein20
89%
0Netherlands0
88%
45Italy28
87%
224Slovakia139
85%
118Slovenia73
85%
221Hungary137
73%
327Norway203
73%
295United Kingdom184
69%
222Croatia138
62%
357Russia222
55%
331Bosnia and
Herzegovina
205
41%

Score Distribution

Percentile by Number Answered

Percent of People with Each Score

Your Score History

You have not taken this quiz